000 00909nmc a2200313 a 4500
003 AR-BaBNM
005 20251128203028.0
008 027019s1989 ||||||||||||||000 | spa||
040 _cAR-BaBNM
100 1 _aLuqui Lagleyze, Julio A.
245 1 0 _aEl partido de Vicente López
_ben el pago del Monte Grande
260 _aBuenos Aires
_bFundación Banco de Boston
_c1989
300 _a129 p.
_bláms., mapas
490 0 _aCuadernos del águila
_vv. 7
650 4 _aHISTORIA DE BUENOS AIRES
650 4 _aCOLONIZACION DEL RIO DE LA PLATA
650 4 _aTRANSPORTE
650 4 _aCOSTUMBRES Y TRADICIONES
650 4 _aMONUMENTOS HISTORICOS
650 4 _aHISTORIA DE BUENOS AIRES
650 4 _aARQUITECTURA
650 4 _aURBANISMO
650 4 _aVIDA SOCIAL
650 4 _aSIGLO DIECINUEVE
650 4 _aBARRIOS
700 1 _aGandía, Enrique de
_eprologuista
942 _cBK
998 _cMARTIN
999 _c1582
_d1582